<?xml version="1.0" encoding="UTF-8"?>
<record
    xmlns:xsi="http://www.w3.org/2001/XMLSchema-instance"
    xsi:schemaLocation="http://www.loc.gov/MARC21/slim http://www.loc.gov/standards/marcxml/schema/MARC21slim.xsd"
    xmlns="http://www.loc.gov/MARC21/slim">

  <leader>00954nam1a22002291i 4500</leader>
  <controlfield tag="001">rc\4398624</controlfield>
  <controlfield tag="005">20240724145448.0</controlfield>
  <datafield tag="035" ind1=" " ind2=" ">
    <subfield code="a">(NLR Aleph) 008557230</subfield>
  </datafield>
  <datafield tag="090" ind1=" " ind2=" ">
    <subfield code="a">8443219</subfield>
    <subfield code="c">8443219</subfield>
  </datafield>
  <datafield tag="100" ind1=" " ind2=" ">
    <subfield code="a">20130416d1959    |||y0rusy50      ca</subfield>
  </datafield>
  <datafield tag="101" ind1="0" ind2=" ">
    <subfield code="a">rus</subfield>
  </datafield>
  <datafield tag="102" ind1=" " ind2=" ">
    <subfield code="a">RU</subfield>
  </datafield>
  <datafield tag="105" ind1=" " ind2=" ">
    <subfield code="a">    b   |||||</subfield>
  </datafield>
  <datafield tag="200" ind1="1" ind2=" ">
    <subfield code="a">&#x414;&#x435;&#x440;&#x435;&#x432;&#x43E;&#x43E;&#x431;&#x440;&#x430;&#x431;&#x430;&#x442;&#x44B;&#x432;&#x430;&#x44E;&#x449;&#x435;&#x435; &#x43E;&#x431;&#x43E;&#x440;&#x443;&#x434;&#x43E;&#x432;&#x430;&#x43D;&#x438;&#x435;</subfield>
    <subfield code="e">&#x41A;&#x430;&#x442;&#x430;&#x43B;&#x43E;&#x433;</subfield>
    <subfield code="e">[&#x412;13 &#x432;&#x44B;&#x43F;.]</subfield>
    <subfield code="e">&#x412;&#x44B;&#x43F;. 1-</subfield>
    <subfield code="f">&#x413;&#x43E;&#x441;. &#x43D;&#x430;&#x443;&#x447;.-&#x442;&#x435;&#x445;&#x43D;. &#x43A;&#x43E;&#x43C;. &#x421;&#x43E;&#x432;&#x435;&#x442;&#x430; &#x41C;&#x438;&#x43D;&#x438;&#x441;&#x442;&#x440;&#x43E;&#x432; &#x421;&#x421;&#x421;&#x420;</subfield>
  </datafield>
  <datafield tag="210" ind1=" " ind2=" ">
    <subfield code="a">[&#x41C;&#x43E;&#x441;&#x43A;&#x432;&#x430;]</subfield>
    <subfield code="c">&#x426;&#x411;&#x422;&#x418; &#x441;&#x442;&#x430;&#x43D;&#x43A;&#x43E;&#x441;&#x442;&#x440;&#x43E;&#x438;&#x442;. &#x438; &#x438;&#x43D;&#x441;&#x442;&#x440;&#x443;&#x43C;. &#x43F;&#x440;&#x43E;&#x43C;-&#x441;&#x442;&#x438;</subfield>
    <subfield code="d">[1959]</subfield>
  </datafield>
  <datafield tag="215" ind1=" " ind2=" ">
    <subfield code="d">29</subfield>
  </datafield>
  <datafield tag="606" ind1=" " ind2=" ">
    <subfield code="a">&#x414;&#x435;&#x440;&#x435;&#x432;&#x43E;&#x43E;&#x431;&#x440;&#x430;&#x431;&#x430;&#x442;&#x44B;&#x432;&#x430;&#x44E;&#x449;&#x435;&#x435; &#x43E;&#x431;&#x43E;&#x440;&#x443;&#x434;&#x43E;&#x432;&#x430;&#x43D;&#x438;&#x435;</subfield>
    <subfield code="j">&#x41A;&#x430;&#x442;&#x430;&#x43B;&#x43E;&#x433;&#x438;</subfield>
    <subfield code="2">psbo</subfield>
  </datafield>
  <datafield tag="606" ind1=" " ind2=" ">
    <subfield code="a">&#x414;&#x435;&#x440;&#x435;&#x432;&#x43E;&#x43E;&#x431;&#x440;&#x430;&#x431;&#x430;&#x442;&#x44B;&#x432;&#x430;&#x44E;&#x449;&#x438;&#x435; &#x441;&#x442;&#x430;&#x43D;&#x43A;&#x438;, &#x443;&#x43D;&#x438;&#x432;&#x435;&#x440;&#x441;&#x430;&#x43B;&#x44C;&#x43D;&#x44B;&#x435;</subfield>
    <subfield code="j">&#x41A;&#x430;&#x442;&#x430;&#x43B;&#x43E;&#x433;&#x438;</subfield>
    <subfield code="2">psbo</subfield>
  </datafield>
  <datafield tag="801" ind1=" " ind2="0">
    <subfield code="a">RU</subfield>
    <subfield code="b">NLR</subfield>
    <subfield code="g">psbo</subfield>
  </datafield>
  <datafield tag="801" ind1=" " ind2="1">
    <subfield code="a">RU</subfield>
    <subfield code="b">ELAR</subfield>
    <subfield code="2">rusmarc</subfield>
  </datafield>
  <datafield tag="852" ind1=" " ind2=" ">
    <subfield code="a">NLR</subfield>
    <subfield code="j">&#x41F;&#x442; 50.1/25</subfield>
  </datafield>
  <datafield tag="942" ind1=" " ind2=" ">
    <subfield code="c">BOOK</subfield>
  </datafield>
</record>
